000
00352nam a22001217a 4500
082
_a
951.035; LIP
100
_a
Jiang Liping
245
_a
China's metamorphosis : 35 global perspectives
260
_a
Beijing
_b
Language and culture university press
_c
2020
300
_a
132p
942
_2
ddc
_c
BK
999
_c
587885
_d
587885